00969nas a2200229Ia 4500001001100000003000900011008004100020040001300061040001300074041001300087100003800100210001100138222001100149245008100160250001100241260002300252501008600275300001000361362003600371500026600407650006600673R132/65998IT-RoPAU151124c99999999xx |||||||||||| ||und|| aIT-RoPAU cIT-RoPAU aITALIANO aAA.VV. gCodice Aut. SPICS: 12000 aADISTA aAdista aADISTA, ANNO 22-N.011 (FEBBRAIO 1988)bAdista, Anno 22-N.011 (Febbraio 1988) a1a ed. aROMAbADISTAc1988 bPaulus - SPICS - Società San Paolo EM (non-commercial uses only)cCopyright2015 a16 p. aANNO 022, N.011 (FEBBRAIO 1988) aCardinale di Firenze e Comunità dell'Isolotto. Civiltà Cattolica: Questoparlamento Rappresenta Solo la Sovranità Delle Segreterie dei Partiti. Polemica tra il Sabato e gli Altri Cattolici. Severo Giudizio dell'Arcivescovo di San Salvador Mons. Rivera Y Da aCOMUNICAZIONE - AGENZIA INFORMAZIONEvPUBBLICAZIONE PERIODICA